Zahraničná politika a vnútroštátne orgány pre zahraničné styky

Analýza vzťahu zahraničnej politiky štátu a vnútroštátnych orgánov pre zahraničné a medzinárodné styky. Definovanie zahraničnej politiky. Hlavné väzby zahraničnej politiky s vnútornou politikou. Pohľad na významné tendencie vo vývoji medzinárodných vzťahov, na ktoré sa musela adaptovať činnosť mini...

ver descrição completa

Na minha lista:
Detalhes bibliográficos
Autor principal: Weiss, Peter
Formato: Capítulo de Livro
Idioma:eslovaco
Assuntos:
Tags: Adicionar Tag
Sem tags, seja o primeiro a adicionar uma tag!

MARC

LEADER 00000naa a2200000 4500
001 0119829
005 20240502072334.3
041 0 |a slo 
044 |a SK 
245 1 0 |a Zahraničná politika a vnútroštátne orgány pre zahraničné styky  |c Peter Weiss 
520 |a Analýza vzťahu zahraničnej politiky štátu a vnútroštátnych orgánov pre zahraničné a medzinárodné styky. Definovanie zahraničnej politiky. Hlavné väzby zahraničnej politiky s vnútornou politikou. Pohľad na významné tendencie vo vývoji medzinárodných vzťahov, na ktoré sa musela adaptovať činnosť ministerstiev zahraničných vecí. 
610 2 0 |a politika zahraničná 
610 2 0 |a politika vnútorná 
610 2 0 |a vzťahy zahraničné 
610 2 0 |a diplomacia 
610 2 0 |a parlamenty 
610 2 0 |a ministerstvá 
100 1 |a Weiss, Peter